| 000 | 00955cam a2200241 a 4500 | ||
|---|---|---|---|
| 003 | OSt | ||
| 005 | 20220117023213.0 | ||
| 008 | 020208s2002 cou b 000 0 eng | ||
| 020 | _a1576833348 | ||
| 040 |
_aMMU _cMMU _dMMU _beng |
||
| 050 | 0 | 0 |
_aBV4639 _b.M269 2002 |
| 100 | 1 | _aManning, Brennan. | |
| 245 | 1 | 0 |
_aAbba's child : _bthe cry of the heart for intimate belonging / _cBrennan Manning. |
| 250 | _aExpanded ed. | ||
| 260 |
_aColorado Springs, Colo. : _bNavPress, _c2002. |
||
| 300 |
_a191 p. ; _c23 cm. |
||
| 504 | _aIncludes bibliographical references (p. 177-188). | ||
| 650 | 0 |
_aSelf-esteem _xReligious aspects _xChristianity. |
|
| 650 | 0 |
_aIntimacy (Psychology) _xReligious aspects _xChristianity. |
|
| 856 | 4 | 2 |
_3Contributor biographical information _uhttp://www.loc.gov/catdir/enhancements/fy0908/2002002129-b.html |
| 856 | 4 | 2 |
_3Publisher description _uhttp://www.loc.gov/catdir/enhancements/fy0908/2002002129-d.html |
| 942 |
_2lcc _cLOAN LOAN |
||
| 999 |
_c18816 _d18816 |
||